| 000 | 01183nam a22003257a 4500 | ||
|---|---|---|---|
| 003 | CHAP | ||
| 005 | 20220329140925.0 | ||
| 008 | 971013s1995 r 00010 d | ||
| 010 | _a59879 | ||
| 011 | _a60851 | ||
| 035 | _a65014 | ||
| 040 | _cCHAP | ||
| 090 | _aTesis | ||
| 100 | 0 | 0 |
_aValdés González, Jorge. _9117350 |
| 245 | _aComposición botánica de la dieta del ganado bovino y del venado cola blanca (Odocoileus virginianus miquihuanensis) en el noroeste de Villagrán, Tamaulipas | ||
| 260 |
_aLinares, N. L. : _bEl autor, _c1995 |
||
| 300 | _a69 h. | ||
| 502 | _aTesis (Ing. Forestal) -- Universidad Autónoma de Nuevo León. Facultad de Ciencias Forestales | ||
| 590 |
_aALEPH _b10 _c20130110 _lUCH01 _h1338 |
||
| 590 |
_aBATCH-UPD _b10 _c20130110 _lUCH01 _h0608 |
||
| 590 |
_aBATCH-UPD _b10 _c20130410 _lUCH01 _h0250 |
||
| 590 |
_aBATCH-UPD _b10 _c20130914 _lUCH01 _h1529 |
||
| 590 |
_aCONVERSION _b10 _c20130109 _lUCH01 _h1332 |
||
| 650 | 1 | 4 |
_aAlimentos y alimentacion del ganado. _94326 |
| 650 | 1 | 4 |
_aGanado vacuno _xNutrición. _945498 |
| 650 | 1 | 4 |
_aVenados _xNutrición. _9118665 |
| 901 | _aBK | ||
| 942 | _cTESIS | ||
| 949 |
_bBC _cTES _d-143726 _eTS1 _h28871 _i65014 _si |
||
| 999 |
_c59879 _d59879 |
||